[Event "EU-ch 13th"]
[Site "Plovdiv"]
[Date "2012.03.21"]
[Round "2"]
[White "Rodshtein, Maxim"]
[Black "Radulski, Julian"]
[Result "0-1"]
[WhiteElo "2652"]
[BlackElo "2552"]
[Annotator "Krasenkow,M"]
[PlyCount "82"]
[EventDate "2012.03.20"]
[EventType "swiss"]
[EventRounds "11"]
[EventCountry "BUL"]
[SourceTitle "CBM 148"]
[Source "ChessBase"]
[SourceDate "2012.05.16"]
[SourceVersion "1"]
[SourceVersionDate "2012.05.16"]
[SourceQuality "1"]

1. d4 d5 2. c4 e6 3. Nc3 Be7 4. cxd5 exd5 5. Bf4 Nf6 6. e3 O-O 7. Bd3 c5 8.
Nge2 Nc6 9. O-O cxd4 10. Nxd4 Nxd4 11. exd4 {This position is quite common; it
has arisen after various move orders, mostly when White's knight went to f3
instead of e2. White is more active, and after the (rather imminent) exchange
of the dark-squared bishops he will end up with a "better" bishop, too. GM
Julian Radulski now comes up with a rare defensive plan.} Bd7 (11... Be6 {
is usually played:} 12. Rc1 (12. Qb3 Bd6 13. Bxd6 Qxd6 14. Rac1 Bd7 15. Be2 Bc6
16. Bf3 Rfe8 17. Rfe1 Rad8 18. Rcd1 h6 {1/2 Kopasov,A (2041)-Vunder,A (2241)/
St Petersburg 2008/CBM 125 Extra}) 12... Bd6 (12... Ne8 13. Re1 Bd6 14. Be5 f6
15. Bxd6 Qxd6 16. Qc2 g6 17. Nb5 Qd7 18. Qe2 Kf7 19. Qd2 $14 {1-0 Levenfish,
G-Kotov,A/Leningrad 1939/URS-ch (73)}) (12... Rc8 13. Qb3 Qd7 14. Rfe1 $14) 13.
Bg3 (13. Be5 $5) (13. Bxd6 Qxd6 14. Re1) 13... Bxg3 14. hxg3 Rc8 15. Qb3 Rc7
16. Qb4 Qb8 17. a3 Rfc8 18. Qd6 Rc6 19. Qxb8 Rxb8 20. f3 h5 21. Rfe1 $14 {
1-0 Markovic,M (2586)-Nestorovic,D (2386)/Jahorina 2000/EXT 2001 (54)}) 12. Re1
(12. Be5 $1 Bc6 13. Re1 Nd7 $2 (13... Bd6 $14) 14. Qc2 g6 $2 (14... Nxe5 15.
Bxh7+ Kh8 16. Rxe5) (14... Nf6 $8) 15. Bc7 $1 Qxc7 16. Nxd5 Qd6 17. Nxe7+ Kh8
18. d5 Ne5 19. dxc6 Nxd3 20. Qc3+ f6 21. Rad1 {1-0 Knaak,R (2505)-Seils,J 
(2220)/Glauchau 1987/EXT 2003}) 12... Bc6 13. a3 {[%cal Yb2b4][%mdl 32] Hardly
a good plan just weakening White's queenside.} (13. Be5 $1 {transposing to
Knaak - Seils.}) 13... Re8 14. b4 (14. Be5 Nd7) (14. Qf3 $5 $14 Qb6 $140 15.
Be5) 14... a6 15. Qb3 (15. Qf3 {was more appropriate here, too.}) 15... Nh5 $1
16. Be5 Bg5 17. b5 $6 (17. a4 {[%cal Yb4b5] was at least logical although
Black probably equalises by means of} Bd2 $1 18. Red1 (18. Bxh7+ Kh8) (18. Re2
Bxc3 19. Qxc3 f6) 18... Bxc3 19. Qxc3 f6 20. b5 $5 (20. Bg3 Nxg3 21. hxg3 Qd7
22. Qb3 Qd6) 20... axb5 21. axb5 Rxa1 22. Rxa1 fxe5 23. bxc6 bxc6 24. Qxc6 (24.
dxe5 Qc7 25. Re1 Nf4 $132) 24... exd4 $11) 17... axb5 18. Nxb5 f6 19. Bc7 Qd7
20. g3 Nf4 $5 (20... g6 $11) 21. Bf1 $6 (21. Bxf4 $142 Bxf4 22. Rxe8+ Rxe8 23.
Na7 $1 ({if White doesn't want an immediate draw after} 23. gxf4 Qg4+) 23...
Ba4 24. Qb1 g6 25. Bb5 Bxb5 26. Qxb5 Qxb5 27. Nxb5 Bd2 $11 {_|_}) 21... Nh3+
22. Kg2 Bd2 23. Red1 Bh6 24. Bb6 Ng5 (24... Ra6 $142 $1 25. Bc5 (25. Nc7 $2 Qf5
$1 26. Ra2 $2 Re3 $1 27. fxe3 Qe4+ 28. Kxh3 Bd7+ $19) 25... b6 26. Nc3 bxc5 $1
27. Bxa6 c4 $44) 25. Nc7 Ba4 (25... Rec8 26. Nxa8 Ba4 27. Qb4 Bxd1 28. Rxd1
Rxa8 29. Re1 $14) 26. Qb1 $2 {White finally goes astray.} (26. Qxd5+ Qxd5+ 27.
Nxd5 Bc6 (27... Bxd1 $6 28. Rxd1 Rxa3 29. Nc7 $44 {[%csl Gd4,Rh6]}) 28. Bc4 Ra4
29. Bb3 Ra6 30. Kf1 Kh8 31. f4 Bxd5 32. Bxd5 Rxb6 33. fxg5 Bxg5 34. Rab1 $14)
26... Rac8 (26... Rec8 $1 {was even more accurate:} 27. f4 Ne4 28. Nxa8 Nc3 29.
Qc1 Nxd1 30. Nc7 g5 $1 $19) 27. Re1 (27. Nxe8 Bc2 28. Qa2 Be4+ 29. Kg1 Rc2 30.
Qb3 Nh3+ 31. Bxh3 Qxh3 $19) (27. f4 $1 {was the only way to continue
resistance although Black should win after} Ne4 $1 (27... Bxd1 28. Qxd1 Rxc7
29. Bxc7 Qxc7 30. fxg5 Bxg5 {is less convincing}) 28. Nxe8 Rc2+ ({or} 28... Nc3
29. Qd3 Nxd1 30. Rxd1 Bxd1 31. Nxf6+ gxf6 32. Qxd1 Rc3) 29. Kg1 Bxf4 $1 30. Re1
Qf5 $1 {[%cal Rf4e3]} 31. Qxc2 $8 Bxc2 32. gxf4 Qg6+ 33. Bg2 Qxe8) 27... Rxe1
28. Qxe1 Rxc7 29. Bxc7 Qxc7 {, and Black converted his material advantage
although not without problems:} 30. Rc1 Qd7 31. f4 Ne4 32. Qa5 Bxf4 $1 33. Qa8+
Kf7 34. Rc8 Bd6 $6 (34... Kg6 $1 35. Rh8 Kh6 36. Qg8 Qf5 $19) (34... Bxg3 $1
35. hxg3 Qf5 $19) 35. Rh8 Kg6 36. Qg8 Ng5 (36... f5 $142 $1 37. Qxh7+ Kf6) 37.
Bd3+ f5 38. h4 (38. g4 $142 {, and it is not easy for Black to parry White's
attack, e.g.} Kf6 $1 39. h4 (39. Bxf5 Qe7) 39... Ne6 40. g5+ (40. Bxf5 h6 {
[%cal Yd7f7]}) 40... Ke7 41. Bxf5 (41. Rxh7 $143 Qe8 42. Qxe8+ Bxe8 43. Bxf5
Nxd4) 41... Nf4+ 42. Kf2 $1 Qxf5 43. Qxg7+ Qf7 44. Qxf7+ Kxf7 45. Rxh7+ Kg8 46.
Rxb7 Nh5 47. Ra7 {In this unusual position White retains drawing chances.})
38... Ne4 (38... Bb5 $5 39. Bxb5 (39. hxg5 Bxd3 40. Qxh7+ Kxg5 41. Qh4+ Kg6 42.
Qh5+ Kf6 43. Qh4+ Ke6 $19) 39... Qxb5 40. hxg5 Qe2+ 41. Kg1 Qe1+ 42. Kg2 Qxg3+
43. Kf1 Qh3+ 44. Ke1 Bg3+ 45. Kd2 Qg2+ 46. Kc1 $1 Bf4+ 47. Kb1 Qe4+ 48. Ka2 $1
Qc2+ 49. Ka1 Qc1+ 50. Ka2 Qc4+ 51. Kb1 $1 Qb3+ 52. Ka1 Qxa3+ 53. Kb1 Bxg5 54.
Qxh7+ Kf6 {, and Black should win}) 39. h5+ (39. g4 $5 h6 $1 40. Qh7+ Kf6 41.
h5 $1 Qf7 $1 42. Qxf5+ Ke7 43. Bxe4 dxe4 44. Qxe4+ Qe6 45. Qxb7+ Kf6 46. Qf3+
Kg5 $19) 39... Kf6 (39... Kxh5 40. Qxh7+ Kg5 $19) 40. h6 Ng5 41. hxg7 Qxg7 ({
The endgame after} 41... Qxg7 42. Qxg7+ Kxg7 43. Ra8 Bc6 44. Bxf5 Kf6 {is lost
for White so he decided to resign (a bit prematurely).}) 0-1

[Event "Dortmund 46th"]
[Site "Dortmund"]
[Date "2018.07.14"]
[Round "1"]
[White "Kramnik, Vladimir"]
[Black "Nisipeanu, Liviu Dieter"]
[Result "1/2-1/2"]
[WhiteElo "2792"]
[BlackElo "2672"]
[Annotator "Krasenkow,M"]
[PlyCount "92"]
[EventDate "2018.07.14"]
[EventType "tourn"]
[EventRounds "7"]
[EventCountry "GER"]
[EventCategory "19"]
[SourceTitle "CBM 186"]
[Source "ChessBase"]
[SourceDate "2018.09.14"]
[SourceVersion "1"]
[SourceVersionDate "2018.09.14"]
[SourceQuality "1"]

1. c4 e6 2. Nc3 d5 3. d4 Nf6 4. cxd5 exd5 5. Bg5 c6 6. e3 Bf5 7. Qf3 Bg6 8.
Bxf6 Qxf6 9. Qxf6 gxf6 10. Nf3 Nd7 11. Nh4 Be7 12. Ne2 {A relatively new move
order in this well-known position, introduced by Magnus Carlsen two years ago.}
({In the event of} 12. g3 Nb6 13. f3 (13. Ne2 {can now be met with} Bb4+ 14.
Kd1 Nc4) (13. O-O-O Nc8) 13... Nc8 14. Kf2 Nd6 {Black rearranges his pieces in
a proper way. A recent example from GM practice:} 15. Rd1 a5 16. b3 Kd7 17.
Bh3+ Kd8 18. Rhe1 f5 19. Ng2 h5 20. Nf4 Bg5 21. Nxg6 fxg6 22. e4 fxe4 23. fxe4
dxe4 24. Nxe4 Rf8+ 25. Kg2 Nxe4 26. Rxe4 Kc7 $11 {1/2 (28) Moiseenko,A (2649)
-Rakhmanov,A (2653) Izmir 2016}) 12... f5 (12... Nb6 {is too late as this
knight can't reach d6 and control the f5-square in time:} 13. Ng3 Bb4+ (13...
Nc8 14. f4 $16 {[%cal Rf4f5]}) 14. Kd1 Na4 15. Ngf5 $1 Kd7 (15... Nxb2+ 16. Kc2
Nc4 17. Bxc4 dxc4 18. Rhb1 c5 19. a3 Ba5 20. Nxg6 hxg6 21. Nd6+ Kd7 22. Nxb7
$16 {1-0 (29) Holt,C (2561)-Miller,D (2219) Norfolk 2017}) 16. Rb1 Ke6 $6 {
[%csl Re6]} (16... Rhc8 $142 17. Bd3 $14 {M.Marin}) 17. Bd3 Rhc8 18. Ke2 Bf8
19. g4 c5 $6 (19... Kd7 $142 {M.Marin}) 20. Ng2 $1 $16 {[%cal Rg2f4,Rh2h4] 1-0
(50) Carlsen,M (2851)-Kramnik,V (2801) Stavanger 2016 CBM 172 [Marin,M]}) (
12... Bb4+ 13. Kd1 O-O-O 14. Ng3 Nf8 15. Ngf5 Ne6 16. Bd3 Ba5 17. Ke2 Rhe8 18.
g3 Bb6 19. Rad1 Kb8 20. Kf1 c5 21. dxc5 Nxc5 22. Kg2 $14 {M. Marin}) 13. g3 $5
{[%mdl 32] White is not concerned about doubling his pawns as he will dominate
on the dark squares.} (13. Nf3 {is less energetic but possible, too:} Nf6 14.
a3 Bd6 15. g3 Ke7 16. Nh4 Ng4 (16... Ne4 17. f3 Ng5 18. Kf2 Kf6 19. h3 Ne6 20.
Rd1 a5 21. Ng2 Rhe8 22. h4 h6 23. Ngf4 Re7 24. Bh3 Rae8 25. Rhe1 $14 {1/2 (69)
Martinovic,S (2551)-Kovacevic,B (2483) Valpovo 2017}) 17. Ng2 a5 18. f3 Nf6 19.
Nef4 Ne8 20. Bd3 Bc7 21. Rc1 a4 22. Kf2 Ra5 23. h4 h5 24. g4 Ng7 25. g5 $14 {
0-1 (71) Parligras,M (2599)-Kovalenko,I (2644) Gjakova 2016}) 13... Bxh4 (13...
Nb6 14. Nf4 Nc8 15. Bd3 Nd6 16. b4 a6 17. Ke2 Ne4 18. a3 Kd7 19. Rhc1 Rhe8 20.
Nhg2 Nd6 21. h4 h6 22. a4 b5 23. Rc2 Ne4 24. Rac1 Rec8 25. axb5 axb5 26. f3 $14
{1-0 (50) Bai,J (2586)-Sethuraman,S (2633) Chengdu 2017}) (13... Nf6 14. Bh3
Ng4 15. Nf4 Bd6 16. Ke2 a5 17. Kf3 Nh6 18. Bf1 Ng8 19. Bd3 Ne7 {1-0 (74)
Volkov,S (2618)-Rakhmanov,A (2664) Khanty-Mansiysk 2016 , and here White
should have probably played} 20. Kg2 $14 {[%cal Yh4f3,Yh2h4]}) (13... Nf8 $5 {
needs closer examination. In the following games GM Miroslaw Grabarczyk held
his ground:} 14. Ng2 (14. Nf4 Bxh4 15. gxh4 Ne6 16. Be2 Nxf4 17. exf4 f6 18.
Rg1 Rg8 19. Kd2 Kf8 20. Rg3 Be8 21. Bd3 Bd7 22. Re1 Kf7 {1/2 (22) Fedorovsky,M
(2498)-Grabarczyk,M (2441) Germany 2017}) 14... h5 15. h4 Nd7 16. Ngf4 Nf6 17.
Nd3 a5 18. Nef4 Bd6 19. Be2 Ke7 20. f3 Nd7 21. Kf2 Kf6 22. Rhc1 Ra7 23. a4 Re8
{1/2 (23) Ahlander,B (2435)-Grabarczyk,M (2402) Bremen GER 2018}) 14. gxh4 Nf6
(14... Ke7 15. Nf4 h6 16. b4 Nf8 17. Rg1 Kf6 18. h5 Bh7 19. Nd3 $6 (19. b5 $5)
19... Ne6 20. f4 a5 21. b5 cxb5 22. Bg2 Rhg8 23. Kd2 Rad8 24. a3 Ke7 25. Bf3
Rxg1 26. Rxg1 Nc7 27. Rc1 Kd6 28. Nc5 Rb8 29. Rg1 {1/2 (29) Moiseenko,A (2648)
-Cyborowski,L (2524) Germany 2016}) 15. f3 {This move is probably unnecessary.}
(15. Rg1 Ke7 16. Nf4 Nh5 17. Be2 Nxf4 18. exf4 h5 19. Rg3 Kd6 20. Kd2 Rae8 21.
Bd3 a5 22. Re3 Rxe3 23. fxe3 b5 24. Rc1 f6 25. Rg1 Rh6 $14 {1/2 (60)
Batchuluun,T (2571)-Usmanov,V (2463) St Petersburg RUS 2017}) (15. Ng3 $5 {
was probably the most promising:} f4 $6 (15... Nh5 $6 16. Be2 $1) (15... Kf8 $5
{[%cal Yf5f4,Ya8e8]} 16. Be2 $5) 16. exf4 Nh5 17. Nxh5 Bxh5 18. Rg1 Kf8 19. Kd2
Re8 20. Bd3 h6 21. Rg3 Re6 22. Rag1 Ke7 23. Rg8 Rxg8 24. Rxg8 Kf6 25. f5 $16 {
1/2 (57) Lorparizangeneh,S (2515)-Usmanov,V (2455) St Petersburg RUS 2017})
15... Ke7 16. Rg1 Nh5 17. Kf2 Rae8 18. b4 f4 {[%mdl 512] This is more to the
point now: Black's bishop becomes active, and White can't push f4-f5 to "kill"
it.} 19. Nxf4 Nxf4 20. exf4 Kf6 21. a4 Bf5 22. Ra2 Re7 23. Re2 Rxe2+ 24. Bxe2
a6 25. Ke3 h6 26. Kd2 Ra8 {Anticipating the opening of the a-file in the event
of b4-b5.} 27. a5 {After this move White can't break through anywhere, and the
game ends in a draw.} Re8 28. h5 Rc8 29. Ke3 Re8+ 30. Kf2 Rc8 31. Ke1 Re8 32.
Kd2 Rc8 33. Bd3 Bxd3 34. Kxd3 Re8 35. h4 Rc8 36. Ke3 Re8+ 37. Kf2 Rc8 38. Re1
Ra8 39. Re5 Rb8 40. Re3 Ra8 41. f5 Rc8 42. Re1 Rd8 43. Kg3 Rc8 44. Kf2 Rd8 45.
Kg3 Rc8 46. Kf2 Rd8 1/2-1/2

[Event "WchT 8th"]
[Site "Ningbo"]
[Date "2011.07.25"]
[Round "8.4"]
[White "Mamedyarov, Shakhriyar"]
[Black "Sargissian, Gabriel"]
[Result "1-0"]
[WhiteElo "2765"]
[BlackElo "2663"]
[Annotator "Krasenkow,M"]
[PlyCount "89"]
[EventDate "2011.07.17"]
[EventType "team-tourn"]
[EventRounds "9"]
[EventCountry "CHN"]
[SourceTitle "CBM 144"]
[Source "ChessBase"]
[SourceDate "2011.09.16"]
[SourceVersion "1"]
[SourceVersionDate "2011.09.16"]
[SourceQuality "1"]
[WhiteTeam "Azerbaijan"]
[BlackTeam "Armenia"]
[WhiteTeamCountry "AZE"]
[BlackTeamCountry "ARM"]

1. d4 d5 2. c4 e6 3. Nc3 Be7 4. Bf4 Nf6 5. e3 O-O 6. a3 {A rare move order.} (
6. Nf3 {leads to a usual position.}) 6... b6 (6... c6 {is illogical in the Bf4
setup, e.g.} 7. Nf3 Nbd7 8. h3 b6 9. cxd5 Nxd5 10. Nxd5 exd5 11. Bd3 Bb7 12.
Qc2 Nf6 13. Be5 h6 14. g4 Ne4 15. h4 c5 16. Rd1 c4 17. Bxe4 dxe4 18. Nd2 Qd5
19. g5 hxg5 20. hxg5 Bxg5 21. f3 $40 {1-0 Nielsen,P (2680)-Sethuraman,S (2455)/
Helsingor 2009/CBM 131 Extra (26)}) (6... a6 7. c5 $1 b6 8. b4 Ne4 9. Qc2 Nxc3
10. Qxc3 a5 11. Nf3 c6 12. Ne5 f6 13. Nd3 Nd7 14. Be2 Ba6 15. Bg3 Bxd3 16. Bxd3
axb4 17. axb4 Rxa1+ 18. Qxa1 Qa8 19. O-O b5 20. e4 $14 {1-0 Shimanov,A (2586)
-Hemant,S (2247)/Chennai IND 2011/The Week in Chess 874 (34)}) (6... dxc4 7.
Bxc4 Nbd7 8. Nb5 Ne8 9. Nf3 a6 10. Nc3 Nef6 11. e4 b5 12. Bd3 Bb7 13. b4 a5 14.
Nxb5 axb4 15. Bxc7 Qc8 16. Rc1 Bxe4 17. Nd6 Bxd6 18. Bxd6 Bxf3 19. gxf3 Qb7 20.
axb4 $14 {1/2 Murey,J (2465)-Shchekachev,A (2522)/Paris 2003/CBM 099 (36)}) (
6... c5 7. dxc5 Bxc5 8. Nf3 {leads to one of the main D37 theoretical lines
but not everyone likes to play it with ...c7-c5!}) 7. g4 $146 {[%mdl 8] "A
creative approach", we could say but g2-g4 is now tried in so many positions
that it has become a typical balance-breaking method! Quiet alternatives
include:} (7. Rc1 dxc4 (7... c5 $5) 8. Qf3 c6 9. Bxc4 Bb7 10. Nge2 Qd7 11. O-O
c5 12. Qh3 Ba6 13. Bxa6 Nxa6 14. Qf3 c4 15. Rfd1 Nd5 16. Be5 b5 17. e4 Nxc3 18.
Qxc3 $14 {1/2 Moradiabadi,E (2571)-Enchev,I (2441)/Aghios Kirykos 2010/CBM 137
Extra (33)}) (7. cxd5 {A very typical reply to ...b7-b6 "killing" Black's
eventual b7-bishop at once.} Nxd5 8. Nxd5 exd5 9. Nf3 c5 10. Ne5 (10. Bd3 {
is more normal}) 10... f6 11. Nf3 Nc6 (11... c4 $5 {[%cal Rc8f5] was a logical
way to take advantage of White's loss of time}) 12. Bb5 Na5 13. dxc5 bxc5 14.
Rc1 Qb6 15. Be2 Be6 16. Qc2 Nb3 17. Rd1 Rfd8 18. Bd3 h6 19. O-O Bd6 20. Bxd6
Rxd6 21. Nh4 $14 {[%csl Rg6,Rh7] 1-0 Hammer,J (2585)-King,D (2494)/England
2010/EXT 2011 (32)}) 7... Bb7 (7... c5 $5 {looks more energetic (here or on
the next move). The b8-knight could then go to c6 or d7 depending on the
situation.}) 8. Bg2 Nbd7 (8... c5 $5) 9. h4 Ne4 10. Nge2 Nxc3 {Suddently it
turns out that White's pieces are placed quite harmoniously, and Black's task
is not easy, e.g.} (10... Bxh4 11. Nxe4 dxe4 12. Qc2 f5 (12... e5 13. Bxe5 Nxe5
14. dxe5 f5 15. Nf4 $1 {[%cal Rg4f5,Rf4e6]}) 13. c5 Bd5 $140 14. gxf5 exf5 15.
Nc3 $16) (10... c5 11. g5 $1 (11. Nxe4 $143 dxe4 12. Nc3 cxd4 13. exd4 Rc8 14.
b3 e5 $1 15. dxe5 Nc5 $44) 11... cxd4 12. exd4 {e.g.} Rc8 13. cxd5 exd5 14. Rc1
$36) 11. Nxc3 c5 12. g5 $1 {[%csl Rd7] It is essential to restrict Black's
knight.} (12. cxd5 $143 cxd4 13. Qxd4 (13. exd4 $2 Nf6 $1 $17) 13... Bf6 $132)
12... b5 $6 {The arising complications will be favourable for White.} (12...
cxd4 $142 13. exd4 Re8 $14 {[%cal Yd7f8]}) 13. cxd5 b4 (13... Nb6 $5 {may be
better but still not enough:} 14. dxc5 Bxc5 15. Rc1 Rc8 16. b4 Be7 17. O-O Nxd5
18. Nxd5 Bxd5 19. Rxc8 Qxc8 20. Bxd5 Rd8 21. Qc1 $1 ({even better than} 21.
Bxe6 Qxe6 22. Qf3) 21... exd5 22. Qxc8 Rxc8 23. Rd1 Rd8 24. Rc1 $1 $16 {
[%cal Rc1c7]}) 14. axb4 cxb4 15. Nb5 Qb6 {An attempt to mess up the matters;
otherwise White keeps material or a positional advantage:} (15... Bxd5 16. Bxd5
exd5 17. Nc7 Rc8 18. Nxd5 $16) (15... a6 16. Nc7 Rc8 17. O-O $1 Rxc7 18. d6
Bxg2 19. dxe7 Qxe7 20. Bxc7 Bxf1 21. Qxf1 $16) (15... Nb6 16. Nc7 Nxd5 $1 (
16... Rc8 17. Rxa7) 17. Bxd5 $1 Bxd5 18. O-O Rc8 19. Nxd5 Qxd5 20. Rxa7 $16)
16. Nc7 (16. Qa4 $1 $16 {may be better}) 16... Rac8 17. O-O $1 e5 $1 (17...
Rxc7 18. Bxc7 Qxc7 19. Rxa7 Qb8 20. Rxb7 Qxb7 21. d6 $18) 18. dxe5 $1 Rxc7 19.
d6 Bxg2 20. Kxg2 Bxd6 21. exd6 {White keeps an extra passed pawn but,
surprisingly, it is very difficult to convert it!} Rc5 $2 {Perhaps an error on
the scoresheet..} (21... Rc4 $1) 22. Rc1 $2 (22. e4 $1 $18 {[%cal Rf4e3]})
22... Rxc1 23. Qxc1 Qb7+ 24. f3 Rc8 25. Qd2 a5 26. Ra1 (26. Rc1 Rxc1 27. Qxc1
a4 28. Qc7 Qb5 29. Kg3 g6 30. e4 Nf8 31. Qa7 Nd7 {, and it is unclear how to
win.}) 26... Qb5 27. b3 Rc3 28. Qa2 h5 29. Kg3 Rc5 30. Qd2 Rc3 31. Rc1 $5 {
An attempt to make progress.} (31. Qd1 g6 32. Ra2 Kh7 33. Qa1 Rc5) 31... Rxb3 (
31... Qc6 32. e4) 32. Rc8+ Kh7 33. Qc2+ Qd3 (33... Rd3 34. Re8 $1 {[%cal Yc2c8,
Ye8e7]}) 34. Qxd3+ Rxd3 35. Rc7 Nb6 36. Be5 Kg6 $2 {The last mistake. White
now wins a piece and the game.} (36... Rd5 $1 37. f4 Kg8 $1 {, and White's win
is still under doubt} ({but not} 37... Kg6 $2 38. e4)) 37. Bd4 b3 38. Rb7 $1
Nd7 39. Rxd7 a4 40. Rb7 a3 41. d7 Rxd4 42. exd4 a2 43. d8=Q a1=Q 44. Qb6+ Kh7
45. d5 1-0

[Event "Sharjah FIDE GP"]
[Site "Sharjah"]
[Date "2017.02.19"]
[Round "2"]
[White "Li, Chao B"]
[Black "Hou, Yifan"]
[Result "1/2-1/2"]
[WhiteElo "2720"]
[BlackElo "2651"]
[Annotator "Krasenkow,M"]
[PlyCount "190"]
[EventDate "2017.02.18"]
[EventType "swiss"]
[EventRounds "9"]
[EventCountry "UAE"]
[SourceTitle "CBM 177"]
[Source "ChessBase"]
[SourceDate "2017.03.16"]
[SourceVersion "1"]
[SourceVersionDate "2017.03.16"]
[SourceQuality "1"]

1. d4 d5 2. c4 e6 3. Nc3 Nf6 4. cxd5 exd5 5. Bg5 Be7 6. e3 h6 7. Bh4 c6 8. Bd3
O-O 9. Nf3 Ne4 10. Bg3 {A rare, rather harmless continuation. Black has
already played ...h7-h6 so after ...Ne4xg3 h2xg3 he doesn't lose a tempo.} (10.
Bxe7 Qxe7 {is common, and now} 11. Qc2 $5 Re8 (11... Bf5 12. Ne5 $1 {e.g.} Nxc3
13. Bxf5 Nb5 14. O-O Nd6 15. Rae1 Nxf5 16. Qxf5 Rd8 17. e4 $5 $36 {1-0 (36)
Lilienthal,A-Kotov,A Budapest 1950}) 12. O-O Nd7 {transposing to a position
seen in hundreds of games.}) 10... Bf5 {A logical move.} (10... f5 {weakens
Black's position too much:} 11. Ne5 Qe8 12. Qb3 Nxg3 13. hxg3 Nd7 14. f4 Nxe5
15. fxe5 a5 16. Ne2 a4 17. Qc2 c5 18. Nf4 c4 19. Be2 Be6 20. Bh5 Qd7 21. Bg6
$14 {1/2 (36) Volkov,S (2593)-Galinsky,T (2416) Fagernes 2013}) (10... Nxg3 $5
11. hxg3 Nd7 12. Nh4 Bxh4 13. Rxh4 Nf6 $11 {0-1 (28) Calotescu,D (2165)
-Barzanu,I (2117) Eforie Nord 2001}) 11. Qc2 Bb4 {A safe move urging White to
castle short.} (11... Nxg3 {is possible, too:} 12. hxg3 Bxd3 13. Qxd3 Nd7 {
when White's attacking attempt} 14. g4 {is logical but not killing:} Bf6 15.
Rh5 Re8 16. O-O-O Nf8 17. Kb1 Qe7 18. Rdh1 {, and now Black should have played}
Nh7 $13 (18... Ng6 $4 {1-0 (90) Ivanov,J (2398)-Delorme,A (2288) Pornic 2011}
19. g5 $1 Bxg5 20. Nxg5 hxg5 21. Rh8+ Nxh8 22. Qh7+ Kf8 23. Qxh8#)) 12. O-O (
12. O-O-O $6 Bxc3 13. bxc3 Qa5 {[%csl Rc1]}) 12... Nxg3 13. hxg3 Bxd3 14. Qxd3
Nd7 15. g4 {White still tries to prepare an attack (g2-g3, Kg1-g2, Rf1-h1 and
then at some point g4-g5) but that plan is too slow.} Re8 16. g3 Bxc3 17. bxc3
Nf6 18. g5 hxg5 19. Nxg5 Qd7 20. Kg2 Qg4 21. Nf3 Qe4 22. Qe2 $6 {Play with
fire.} (22. Qxe4 $11) 22... Nh7 (22... g5 $142 $1 23. Kg1 Qg4 {[%cal Yg8g7,
Ye8h8] , and it is Black who creates threats along the h-file - White must
fight for equality.}) 23. Rh1 Ng5 24. a4 f6 25. Rh4 Qxf3+ 26. Qxf3 Nxf3 27.
Kxf3 $11 {[%mdl 4096] The four-rook endgame is equal but Li Chao tries to
outplay his opponent.} Kf7 28. Rhh1 Rac8 (28... Rh8 $142) 29. Ke2 Ke6 30. Rhb1
Re7 $6 {Black abandons the h-file and faces problems.} (30... b6 $142) 31. a5
Kd6 32. Ra3 Rb8 33. Kd3 Rc8 34. Rab3 Rcc7 35. Rh1 $16 Rc8 36. g4 c5 37. Rb5
Rec7 38. Ke2 cxd4 39. cxd4 Rc2+ 40. Kf3 Kc6 41. Rb3 Rd8 42. Kg3 Rc4 43. Kf4 Rd7
44. Kf5 Rc2 45. f4 Kd6 46. Rh8 Ke7 47. Rb8 Kf7 48. g5 g6+ 49. Kg4 f5+ 50. Kf3
Rcc7 51. Ra8 b6 52. axb6 Rb7 53. Rxa7 (53. Rb1 Rxb6 54. Rh1 Rbb7 55. Rh6 Rbc7
56. Rah8 Rc6 {, and White is unable to win the g6-pawn. He can only capture
the a7-pawn, which leads to a position similar to the game. However, it is
quite favourable for White.}) 53... Rxa7 54. bxa7 Rxa7 55. Rb5 Rd7 56. Rb6 Ra7
57. Rf6+ Kg7 58. Rd6 Ra5 59. Rc6 Ra7 60. Ke2 Kf7 61. Kd3 Ra3+ 62. Rc3 Ra7 63.
Rc5 Ke6 64. Kc2 Ra3 65. Rc3 Ra7 66. Rc6+ Kf7 67. Rf6+ Kg7 68. Rd6 Ra3 69. Kd2 (
69. Rxd5 $5 Rxe3 70. Rd7+ Kf8 71. d5) 69... Ra2+ 70. Kc3 Ra3+ 71. Kb4 Rxe3 72.
Kc5 Re4 73. Kxd5 Rxf4 74. Rd7+ Kf8 75. Rd6 $6 {White starts a wrong plan.} (75.
Ke5 $1 {was probably enough for a victory:} Re4+ (75... Ke8 76. Rd5 $1 {
[%cal Ye5f6]}) 76. Kf6 f4 77. Kxg6 f3 (77... Re7 78. Rd8+ Re8 79. Rd6 Kg8 80.
Kh6 Rf8 81. g6 f3 82. g7 Ra8 83. Rf6 f2 84. Kg6 f1=Q 85. Rxf1 Ra6+ 86. Rf6 Rd6
87. d5 Ra6 88. Kf5 $18) 78. Rf7+ $1 Kg8 79. d5 Rd4 80. Rc7 $1 Kf8 (80... Rf4
81. d6 f2 82. d7 Rf8 83. Rc1 $1 Kh8 84. Kh6 Kg8 85. g6 $22 Rd8 86. Rc8) 81.
Rc8+ $1 Ke7 82. Rc6 $1 Rxd5 (82... Kf8 83. d6 Ke8 84. Rc8+ Kd7 85. Rf8 Rxd6+
86. Kh7 Rd3 87. g6 $18) (82... f2 83. Rf6 Rd2 84. Kh6 {, and Black will be
forced to swap the d- and f-pawns, with a hopeless ending.}) 83. Rf6 Rd3 (83...
Rd6 84. Kg7 Rd5 85. g6 Rd3 86. Rf4 {[%cal Yg7h7]} Ke6 87. Kh6 Ke5 88. Kg5 $18 {
[%cal Rg6g7]}) 84. Kg7 {[%cal Yg5g6] , and Black can't stop White's g-pawn
without giving up her f-pawn.}) 75... Kf7 76. Kc6 $2 ({Missing an opportunity
to correct his mistake:} 76. Rd7+ $1 {If} Ke8 {then} 77. Rg7 Rg4 78. Rxg6 f4
79. Ke6 Kf8 80. d5 f3 81. Rf6+ Ke8 82. d6 Re4+ 83. Kd5 Re3 84. g6 $18) 76...
Rg4 $1 77. Rf6+ Ke7 78. d5 Rc4+ 79. Kb5 Rc1 80. Rxg6 f4 {White's king is cut
off, which is the decisive factor here.} 81. Re6+ Kd7 82. Rf6 Rg1 83. Kc5 Rxg5
84. Rf7+ Ke8 85. Rxf4 Rg6 86. Ra4 Kd7 87. Ra7+ Kd8 88. Rb7 Rh6 89. Rg7 Rf6 90.
Kd4 Rh6 91. Rf7 Ke8 92. Ra7 Kd8 93. Kc5 Rg6 94. Rf7 Rh6 95. Rg7 Rf6 1/2-1/2